|
|
|
|
| LEADER |
00000nam a2200000 a 4500 |
| 001 |
vtls001319954 |
| 003 |
SK-MaSNL |
| 005 |
20260301114114.0 |
| 008 |
240318s1976 xo 0 slo |
| 035 |
|
|
|a SNK000272574
|
| 040 |
|
|
|a SNK
|b slo
|c SNK
|e AACR2
|
| 041 |
1 |
|
|a slo
|
| 044 |
1 |
|
|a xo
|c SK
|
| 100 |
1 |
|
|a Podzimek, Jaroslav,
|d 1933-
|4 aut
|9 118760
|
| 245 |
1 |
0 |
|a Jednotná sústava sociálno-ekonomických klasifikácií
|c Jaroslav Podzimek, Jiři Vitouš
|
| 260 |
|
|
|a Bratislava
|b Slovenská technická knižnica
|c 1976
|
| 300 |
|
|
|a 119 s.
|
| 958 |
|
|
|a OND
|
| 999 |
|
|
|c 717092
|d 719022
|
| 952 |
|
|
|a SNK
|b SNK
|y VYP
|7 0
|p 17A1076273
|o snkSC 38762 D1
|i snkKSP 3372/76
|0 0
|1 0
|4 0
|d 2014-10-01
|l 0
|r 2026-02-23 21:49:07
|w 2026-02-23
|
| 952 |
|
|
|t P60, <03>, [BOOK], {603}
|a SNK
|b SNK
|y PREZ
|7 0
|p 17A0123985
|o snkSC 38762
|0 0
|1 0
|4 0
|d 1998-02-09
|l 0
|r 2025-10-10 00:00:00
|w 2026-02-23
|